| 000 | 00612nam a2200205 a 4500 | ||
|---|---|---|---|
| 005 | 20231013063545.0 | ||
| 008 | 991125s1974 mx 000 0 spa u | ||
| 035 | _aUPN01000018765 | ||
| 049 | _aCG | ||
| 050 | 4 |
_aHD1289 M6 _bG5.3 |
|
| 100 | 1 | _aGlantz, Susana | |
| 245 | 1 | 3 |
_aEl ejido colectivo de la Nueva Italia / _cSusana Glantz. |
| 260 |
_aMéxico : _bINAH, Centro de Estudios de Investigaciones Superiores, _c1974. |
||
| 300 | _a212 p. | ||
| 440 | 0 | _aSEP-INAH | |
| 650 | 4 |
_aEJIDOS - _zMEXICO _914989 |
|
| 650 | 4 |
_aReforma agraria _zMéxico _916064 |
|
| 650 | 2 |
_aTenencia de la tiera _952 |
|
| 905 | _aLibro | ||
| 999 |
_c18765 _d18765 |
||